00222pam a2200097 a 4500020000500000041000800005100001700013245005200030260003200082300001000114 c aeng aNewton Eriz. aEuropean Penting & SeulpturehTextual Documents aNew YorkbPenguin Books Ltd a125p.